La utopía es posible: experiencias posibles

La utopía es posible: en la actualidad, son cada vez más y de diversos ámbitos las voces y las realizaciones que aparecen revalidando, quizá desde diferentes ópticas, los principios de la vieja utopía redentora. Mostrando de nuevo que, dentro del abigarrado pensamiento ácrata, siempre son varios los...

Full description

Bibliographic Details
Main Author: Bookchin, Murray 1921-2006
Other Authors: Liguri, Dominico, Stowasser, Horst 1951-2009
Format: Libro
Language:Spanish
Published: Buenos Aires: Tupac, 2007.
Series:Utopía libertaria
Subjects:
Online Access:Acceso electrónico al documento

MARC

LEADER 00000cam a22000007a 4500
003 UAHC
005 20240822184500.0
008 171128s2007 ag |||| |||| 00| 0 spa d
020 |a 9509870013 
035 |a CENTRAL 
040 |a UAHC_CL  |c UAHC_CL  |d UAHC_CL 
082 |2 20  |a 321  |b U91 
100 |9 1007  |a Bookchin, Murray  |d 1921-2006 
245 |a La utopía es posible:  |b experiencias posibles  |c Bookchin; Ligur; Stowasser. 
260 |a Buenos Aires:  |b Tupac,  |c 2007. 
300 |a 125 p. 
440 |9 998  |a Utopía libertaria 
520 |a La utopía es posible: en la actualidad, son cada vez más y de diversos ámbitos las voces y las realizaciones que aparecen revalidando, quizá desde diferentes ópticas, los principios de la vieja utopía redentora. Mostrando de nuevo que, dentro del abigarrado pensamiento ácrata, siempre son varios los elementos y matices que se mueven y permiten forjar las únicas esperanzas que anidan en una humanidad aletargada por distintos estupefacientes y que dan valor al viejo apotegma " la liberación de los pueblos será obra de los mismos oprimidos y no de la presunta y engañosa clarividencia de algunos iluminados. 
650 0 |9 1002  |a Anarquismo 
650 0 |9 1006  |a Anarquismo  |x Historia 
650 0 |a Utopías  |9 413 
700 |9 1009  |a Liguri, Dominico 
700 |9 1008  |a Stowasser, Horst   |d 1951-2009 
856 |u https://anarkobiblioteka3.files.wordpress.com/2016/08/la_utopc3ada_es_posible_-_stowasser_bookchin_y_liguori.pdf  |y Acceso electrónico al documento 
942 |2 ddc  |c BK 
952 |0 0  |1 0  |2 ddc  |4 0  |6 321_000000000000000_UTO  |7 0  |8 COMP  |9 88987  |a BC  |b BC  |c General  |d 2017-11-28  |e Donación  |g 6000.00  |l 0  |o 321 UTO  |p 1442264  |r 2026-01-07 00:00:00  |t c.1  |v 6000.00  |w 2017-11-28  |y BK  |B CSPOL 
999 |c 49980  |d 49980